LEADER 01019nam a2200241 i 4500 001 000000162593 003 CaOOAMICUS 005 20070702000000.0 008 070702s2001 it u000 u ita u 013 $a139957 040 $aSeMil$bita 100 1 $aRomano, Carla <1961- >.$0(OLS)http://semarc/name/42925 245 10$aLaici protesi in avanti :$bi Cooperatori Paolini /$cCarla Romano. 260 $aRoma :$bAssociazione Cooperatori Paolini,$c2001. 300 $a46 p. ;$c21 cm. 490 0 $aQuaderni di animazione ;$v6 650 4$aAssociazione Cooperatori Paolini.$0(OLS)http://semarc/subject/17869 830 0$aQuaderni di animazione ;$v6.$0(OLS)http://semarc/title/14559 850 $aSeMil 852 $aSeMil$W1$xVenegono$y1$m5B III 11/13$j113926$B113926$CSeMilBibl$Z2$F126087 $81 961 $aOmaggio: Altro 996 $6245$aLaici protesi in avanti :$bi Cooperatori Paolini$9(OLS)http://semarc/title/146352 996 $6260$aRoma :$bAssociazione Cooperatori Paolini$9(OLS)http://semarc/publisher/34782 LEADER 00961nam a2200229 i 4500 001 000000104182 003 CaOOAMICUS 005 20011107000000.0 008 011107s1957 fr u000 u fre u 013 $a76369 040 $aSeMil$bita 245 10$aNouveau Testament. 260 $aParis :$bPresses Universitaires de France,$c1957. 300 $a769 p., [46] c. di tav. 650 4$aBibbia - NT - Iconografia.$0(OLS)http://semarc/subject/18187 700 1 $aRéau, Louis.$0(OLS)http://semarc/name/3539 773 0 $aRéau, Louis$tIconographie de l'art chrétien.$dParis : Presses Universitaires de France, 1955-1959.$gTome2$w()6778 773 0 $tIconographie de la Bible.$g2$w()6785 850 $aSeMil 852 $aSeMil$W1$xVenegono$y1$mSL1.B III 17/2$j60583$B60583$CSeMilBibl$Z2$F44999 $8I 996 $6245$aNouveau Testament$9(OLS)http://semarc/title/21279 996 $6260$aParis :$bPresses Universitaires de France$9(OLS)http://semarc/publisher/30047